[Event "MCR v sachu muzu 2020"]
[Site "Plzen"]
[Date "2020.08.31"]
[Round "9.28"]
[White "Jun, Rudolf"]
[Black "Flajsman, Pavel"]
[Result "1/2-1/2"]
[WhiteElo "2094"]
[BlackElo "2184"]
[EventDate "2020.08.23"]

1. e4  c5  2. Nf3  Nf6
3. Nc3  d6  4. Bb5+
Bd7  5. Bxd7+  Nbxd7
6. O-O  g6  7. d4
cxd4  8. Nxd4  Bg7
9. Re1  O-O  10. Nd5
Rc8  11. c3  Nxd5
12. exd5  Re8  13. Be3
Qa5  14. Nb3  Qc7
15. Bd4  Nf6  16. Qf3
a5  17. Nd2  a4
18. Rad1  b5  19. a3  Qb7
20. Bxf6  Bxf6  21. Ne4
Bg7  22. Ng5  Bf6
23. Ne4  Bg7  24. Re2
Rf8  25. Rde1  Rc7
26. Qd3  h6  27. g3
Rd7  28. Nd2  Rc8
29. Nf3  Rc5  30. Rd1
Bf6  31. Ne1  Kg7
32. Nc2  Rd8  33. Re4
Rc4  34. Re2  Re8
35. Ne3  Rcc8  36. Ng4
h5  37. Nxf6  1/2-1/2

[Event "MCR v sachu muzu 2020"]
[Site "Plzen"]
[Date "2020.08.31"]
[Round "9.29"]
[White "Frank, Adam"]
[Black "Laurincova, Kristyna"]
[Result "1/2-1/2"]
[WhiteElo "2219"]
[BlackElo "2008"]
[EventDate "2020.08.23"]

1. e4  c5  2. Nf3  d6
3. d4  cxd4  4. Nxd4
Nf6  5. Nc3  a6
6. Bg5  e6  7. f4  Nbd7
8. Qf3  h6  9. Bh4
Be7  10. O-O-O  Qc7
11. g4  g5  12. fxg5
Ne5  13. Qg3  Nfxg4
14. g6  fxg6  15. h3
g5  16. hxg4  gxh4
17. Qh3  Bg5+  18. Kb1
Bd7  19. Nf3  Nxf3
20. Qxf3  O-O-O  21. Be2
Rhf8  22. Qd3  Bc6
23. Qc4  d5  24. exd5
Bxd5  25. Nxd5  Rxd5
26. Rxd5  Qxc4  27. Bxc4
exd5  28. Bxd5  Rf4
29. a3  Kc7  30. Rh3
Bf6  31. Be6  Kd6
32. Bc8  Kc7  33. Be6
Rf1+  34. Ka2  Rg1
35. Rf3  Bg5  36. Rc3+
Kb6  37. Rb3+  Kc7
38. Rc3+  Kb6  39. Rb3+
Kc7  1/2-1/2

[Event "MCR v sachu muzu 2020"]
[Site "Plzen"]
[Date "2020.08.31"]
[Round "9.31"]
[White "Smolik, Jachym"]
[Black "Kures, Michael"]
[Result "1/2-1/2"]
[WhiteElo "2121"]
[BlackElo "2019"]
[EventDate "2020.08.23"]

1. d4  Nf6  2. Nf3  d6
3. c4  Nbd7  4. Nc3
g6  5. e4  Bg7
6. Be2  O-O  7. Bg5  e5
8. d5  a5  9. Nd2
Qe8  10. h4  h6
11. Be3  Nh7  12. Nb5  Qd8
13. h5  g5  14. g4
Nc5  15. f3  c6
16. Nc3  Na6  17. dxc6  bxc6
18. Nb3  Be6  19. Qd2
Qc7  20. Rd1  Rfd8
21. Na4  c5  22. Nc3
Nb4  23. Nb5  Qb6
24. Nc1  Bf8  25. a3
Nc6  26. Na2  Nd4
27. Nac3  Be7  28. Bxd4
cxd4  29. Nd5  Bxd5
30. exd5  Nf6  31. Bd3
Kg7  32. Qe2  Rab8
33. Kf1  Nd7  34. Kg2
a4  35. Bc2  Nc5
36. Qd2  Ra8  37. Rhe1
Rd7  38. Qb4  Qa5
39. Qxa5  Rxa5  40. Kf2
Rd8  41. Nxd4  exd4
42. Rxe7  Kf8  43. Re2
Rb8  44. Bf5  Nb3
45. Bc2  Nc5  46. Rxd4
Rxb2  47. Bd1  Rb1
48. f4  gxf4  49. Bc2
1/2-1/2

[Event "MCR v sachu muzu 2020"]
[Site "Plzen"]
[Date "2020.08.31"]
[Round "9.32"]
[White "Nemcova, Karin"]
[Black "Kopriva, Martin"]
[Result "0-1"]
[WhiteElo "1983"]
[BlackElo "2079"]
[EventDate "2020.08.23"]

1. e4  g6  2. d4  Bg7
3. Nc3  d6  4. Be3
a6  5. Qd2  Nd7
6. Nf3  e6  7. O-O-O  b5
8. Bd3  Bb7  9. Rhe1
Ne7  10. Bh6  O-O
11. h4  c5  12. dxc5
Nxc5  13. Bxg7  Kxg7
14. h5  Rc8  15. Rh1
Rh8  16. Rh4  b4
17. Ne2  b3  18. Qc3+
e5  19. axb3  Nxe4
20. Qb4  Nc5  21. hxg6
hxg6  22. Nc3  Bxf3
23. Rxh8  Qxh8  24. gxf3
a5  25. Qg4  Nxd3+
26. Rxd3  Nf5  27. f4
Qh6  28. Nd5  Qh1+
29. Qd1  Qg2  30. Qe1
Rh8  31. Rd1  Nd4
32. Nc3  exf4  33. Qd2
Ne6  34. Qxd6  Rh1
35. Qe5+  Kg8  36. Ne4
Rxd1+  37. Kxd1  f3
38. Qxa5  Qf1+  39. Qe1
Qa6  40. Kd2  Qa5+
41. c3  Qd5+  42. Kc2
Qf5  43. Kc1  g5
44. Qe3  g4  45. b4
Qe5  46. b5  Nc5
47. Nf6+  Qxf6  48. Qxc5
g3  49. Qc8+  Kh7
50. Kb1  g2  51. Qh3+
Qh6  0-1

[Event "MCR v sachu muzu 2020"]
[Site "Plzen"]
[Date "2020.08.31"]
[Round "9.33"]
[White "Brozka, Karel"]
[Black "Pokrupa, Marek"]
[Result "1-0"]
[WhiteElo "1991"]
[BlackElo "2164"]
[EventDate "2020.08.23"]

1. d4  Nf6  2. c4  g6
3. Nc3  Bg7  4. Nf3
O-O  5. e4  d6
6. Be2  e5  7. Bg5  Na6
8. O-O  h6  9. Bh4
Qe8  10. Bxf6  Bxf6
11. c5  exd4  12. Nd5
Bd8  13. Bxa6  c6
14. Nb4  dxc5  15. Nd3
bxa6  16. Nxc5  Bb6
17. Qxd4  Bxc5  18. Qxc5
Qxe4  19. Ne5  Re8
20. Rfe1  Qd5  21. Qc3
c5  22. b3  Qd4
23. Qxd4  cxd4  24. Nc6  Rxe1+
25. Rxe1  d3  26. Rd1
Bb7  27. Nd4  Rc8
28. f3  Rc3  29. Kf2
a5  30. Ke3  Ba6
31. Kd2  Rc5  32. Rc1
Rd5  33. Nc6  Rg5
34. g3  Rh5  35. h4
Kg7  36. f4  Rd5
37. Ne5  g5  38. hxg5
hxg5  39. Rc7  gxf4
40. gxf4  Kg8  41. Rxa7
f6  42. Ng4  Rd6
43. Nh6+  Kf8  44. Ra8+
1-0

[Event "MCR v sachu muzu 2020"]
[Site "Plzen"]
[Date "2020.08.31"]
[Round "9.34"]
[White "Janous, Marek"]
[Black "Joukl, Zdenek"]
[Result "1/2-1/2"]
[WhiteElo "1968"]
[BlackElo "2062"]
[EventDate "2020.08.23"]

1. e4  d6  2. d4  Nf6
3. Nc3  e5  4. dxe5
dxe5  5. Qxd8+  Kxd8
6. Bg5  Bb4  7. O-O-O+
Nbd7  8. Nd5  Be7
9. Bxf6  gxf6  10. Ne2
c6  11. Ne3  Ke8
12. Ng3  Bc5  13. Ngf5
Bxe3+  14. Nxe3  Nb6
15. g3  Be6  16. b3
Ke7  17. h4  Rad8
18. Bh3  Rxd1+  19. Kxd1
Nc8  20. Ke2  Nd6
21. f3  Nb5  22. Bxe6
fxe6  23. a4  Nd6
24. g4  b6  25. h5
h6  26. Rd1  Rf8
27. Rg1  Rg8  28. Rd1
Rf8  29. Rg1  Rg8
30. Rd1  1/2-1/2

[Event "MCR v sachu muzu 2020"]
[Site "Plzen"]
[Date "2020.08.31"]
[Round "9.35"]
[White "Babula, Vlastimil"]
[Black "Jezek, Jan"]
[Result "0-1"]
[WhiteElo "2138"]
[BlackElo "2162"]
[EventDate "2020.08.23"]

1. e4  g6  2. d4  Bg7
3. Nc3  d6  4. Be3
a6  5. Qd2  Nd7
6. O-O-O  b5  7. h4  h5
8. Nh3  Nb6  9. Ng5
Nf6  10. f3  b4
11. Nb1  a5  12. Bd3  e6
13. g4  Ba6  14. e5
Nfd5  15. gxh5  Bxd3
16. Qxd3  Nxe3  17. Qxe3
Rxh5  18. Nd2  dxe5
19. dxe5  Qd5  20. Qf4
Rxg5  21. hxg5  Bxe5
22. Qe4  O-O-O  23. Qxd5
Rxd5  24. Ne4  Nc4
25. Rxd5  exd5  26. Nc5
Bxb2+  27. Kd1  Bd4
28. Nd3  Kd7  29. Rh4
Bc3  30. Rh7  Nd6
31. Nf4  Kc6  32. Ne2
Bb2  33. c3  Bxc3
34. Nxc3  bxc3  35. Kc2
d4  36. Kd3  Kd5
37. Rh8  c5  38. Ra8
c4+  39. Kc2  Nb5
40. Rxa5  d3+  41. Kc1
Kc6  42. Ra6+  Kc5
43. Ra5  Kb4  44. Ra8
Nd4  45. Rb8+  Kc5
46. Rc8+  Kd5  47. Rd8+
Ke5  48. Re8+  Kf5
49. Re1  d2+  50. Kd1
dxe1=Q+ 0-1